|
|
|
|
| LEADER |
00808nam a2200217 a 4500 |
| 001 |
GR-MES1049 |
| 008 |
991111s1986 enk 000 b eng d |
| 020 |
|
|
|a 0745000738
|
| 040 |
|
|
|a GrPaTEI
|b gre
|c GR-PaULI
|
| 245 |
0 |
4 |
|a The modern corporation :
|b Profits,power,growth and performance.
|
| 260 |
|
|
|a London :
|b Harvester Press,
|c 1986
|
| 300 |
|
|
|a 327σ.
|
| 500 |
|
|
|a Περιλαμβάνει ευρετήριο.
|
| 650 |
|
4 |
|a ΚΕΡΔΗ
|
| 650 |
|
4 |
|a Οικονομία
|
| 700 |
1 |
|
|a Mueller, Dennis
|
| 710 |
0 |
|
|a Harvester Press
|
| 942 |
|
|
|2 ddc
|
| 952 |
|
|
|0 0
|1 0
|2 ddc
|4 0
|6 338_701000000000000_MUE
|7 0
|9 264880
|a MSLG
|b MSLG
|c BSC
|d 2021-01-17
|e 24
|f 0
|g 0.00
|l 0
|o 338.701 MUE
|p 2420000002736
|r 2021-01-17 00:00:00
|t 1
|w 2021-01-17
|y BK15
|x 19991111 0 1
|x GrPaTEI
|
| 971 |
|
|
|a .b25720910
|b 15-04-20
|c 13-09-16
|
| 999 |
|
|
|c 152332
|d 152332
|